Riconosci il Pokémon - Quiz n°527 - Statistics

Statistiche generali
  • Questo quiz è stato fatto 2 volte
  • Il punteggio medio è 7 su 10
Statistiche sulle risposte
Indizio Risposta % Corretto
Abilità Ferropugno; Rompiforma; Nervisaldi
100%
Stadio evoluzione Forma Base
100%
Tipo Lotta
100%
Generazione Sesta
100%
Altezza 0,6 m
50%
Tasso di cattura 220 (39.3%)
50%
Sesso 50% ♂, 50% ♀
50%
Peso 8,0 kg
50%
Tasso di allevamento Medio-Veloce
50%
Pokémon Pancham
50%
Nessun quiz corrispondente trovato
Distribuzione punteggi
Percentuale di utenti per punteggio
Percentile per numero di risposta
I tuoi punteggi nel tempo
Non hai fatto questo quiz